Sentidos y sin sentidos de la paz

Colombia es un país que históricamente ha reclamado la paz: ella se invocaba en los tiempos de la refriegas facciosas que iniciaron nuestra vida independiente; también se le pregonaba en medio de las numerosas guerras civiles que caracterizaron nuestro siglo XIX; igualmente se le ha exigido en medio...

وصف كامل

محفوظ في:
التفاصيل البيبلوغرافية
مؤلفون آخرون: Serna Dimas, Adrián (Ed.)
التنسيق: كتاب
اللغة:Spanish
منشور في: Bogotá: Universidad Distrital Francisco José de Caldas, 2008.
سلاسل:Textos Universitarios.
الموضوعات:
الوصول للمادة أونلاين:Enlace del recurso
الوسوم: إضافة وسم
لا توجد وسوم, كن أول من يضع وسما على هذه التسجيلة!

MARC

LEADER 00000nam a2200000 a 4500
001 001580
008 081229p2008 ck spa
020 |a 978-958-8337-35-7 
082 0 4 |a 303.66/  |b C357c 
245 1 0 |a Sentidos y sin sentidos de la paz   |c compilador Adrián Serna Dimas ...[et al]. 
260 |a Bogotá:  |b Universidad Distrital Francisco José de Caldas,  |c 2008. 
300 |a 154p. 
440 |a Textos Universitarios. 
520 |a Colombia es un país que históricamente ha reclamado la paz: ella se invocaba en los tiempos de la refriegas facciosas que iniciaron nuestra vida independiente; también se le pregonaba en medio de las numerosas guerras civiles que caracterizaron nuestro siglo XIX; igualmente se le ha exigido en medio de esa espiral de violencias partidistas, insurgentes y contrainsurgentes que nos acorrala hasta el día de hoy.Por la ausencia de un asunto de paz, de un tiempo de no violencia, socavada siempre por la preeminencia de la violencia, ha impedido que estos reclamos de paz hayan materializado un ejemplo histórico sobre el cual el país pueda construir una referencia, si quiera pretérita, de lo que la paz entraña. 
650 1 |a CONFLICTO ARMADO 
650 |a SOLUCIÓN DE CONFLICTOS 
650 |a DERECHO INTERNACIONAL HUMANITARIO 
650 |a PROCESO DE PAZ 
650 |a CONFLICTO URBANO 
700 |a Serna Dimas, Adrián.  |e Ed. 
999 |c 3732  |d 3732 
856 |u https://catalogo.idep.edu.co/cgi-bin/koha/opac-detail.pl?biblionumber=3732  |z Enlace del recurso